VYUŽITIE ODMASŤOVACÍCH PRÍPRAVKOV GALWES PP-2 A GALWES E-5

Bibliographic Details
Main Author: Zeman, Rudolf (Author)
Format: Article
Language:Slovak

MARC

LEADER 00000naa a2200000uu 4500
001 vtls011085673
003 SK-MaSNL
005 20260302105234.0
008 210905|1997 xo |||||||||||||||||slo|
015 |a SNBRA 
035 |a (urnnbn)urn:nbn:sk:snk:ar-a0cm73 
035 |a (uuid)9fad0410-e0f5-4496-931a-9736840c8261 
035 |a urn:nbn:sk:snk-aavs2o 
040 |a SNKBUCL  |b slo  |c SNKBUCL  |e AACR2 
041 0 |a slo 
044 |a xo  |c SK 
100 1 |a Zeman, Rudolf  |4 aut  |9 94462 
245 1 0 |a VYUŽITIE ODMASŤOVACÍCH PRÍPRAVKOV GALWES PP-2 A GALWES E-5  |c Rudolf ZEMAN 
773 0 |t Ekologické spôsoby odmasťovania kovových povrchov  |d Banská Bystrica : [Dom techniky ZSVTS], 1997  |g S. 14-19  |z 8023001485 
958 |a OND 
958 |a article12 
958 |a chapter 
999 |c 1237886  |d 1239816